000 00415nam a2200169Ia 4500
003 LK-CoDNM
005 20240802111837.0
008 010623t1907 xxu||||| |||| 00| 1 eng d
040 _aLK-CoDNM
_dLK-CoDNM
_eLK-CoDNM
041 _aeng
_aHindi
080 _a8
_bQQ17
100 _aNandargikar,G.R.
245 _aThe Janakiharanam of Kumaaradaasa
260 _bBombay
_c1907
300 _b358p ; 21 cm
942 _cBK
999 _c86489
_d86489